000 00960nam a2200253Ia 4500
001 9959
003 GE_BSU
008 181216s||||||||xx |||||||||||||| ||und||
040 _cGE_BSU
080 _a821.353.1-94+316(479.22)(092)
100 _aკომახიძე,თეიმურაზ
245 _aჰაიდარ აბაშიძე
245 _bჰაიდარ აბაშიძის დაბადებიდან100 წლისთავი
245 _cრედ:ზ.ფირცხალაიშვილი;მხატვ:გ.გუჯაბიძე
260 _aბათუმი.
260 _bაჭარა
260 _c1994
300 _a156გვ;20სმ.
300 _bფოტოები.
541 _h5ლ.
653 _aჰაიდარ აბაშიძე
653 _aჰაიდარ აბაშიძის დაბადებიდან100 წლისთავი
942 _cBK
999 _c43232
_d43232